000 01339nam a2200337 i 4500
003 EG-GICUC
005 20260121101241.0
008 251118b1974 ua ||||f |||| 00| 0 ara d
040 _a EG-GICUC
_c EG-GICUC
_d EG-GICUC
_erda
_bara
041 _aara
082 0 4 _221
_a345.25052
_bر ب . إ
092 0 4 _221
099 _aLaw1 07 345.25052 ر ب . إ 1974
100 0 _aعلي السيد الحبيبي
_eمؤلف.
245 _aإدارة الحكم المحلي في اليابان /
_cإعداد ربيع عبد الرحيم السعداوي.
264 _aالقاهرة :
_bجامعة الدول العربية-المنظمة العربية للعلوم الإدارية، مركز البحوث الإدارية،
_c1974.
300 _a67 صفحة :
_c24 سم.
_bجداول ؛
336 _2rda content
_atext
337 _2rda media
_aComputer
338 _2rda carrier
_aOnline Resource
490 _v160
504 _aببليوجرافيا : صفحة 66.
546 _aالنص باللغة العربية
650 1 _aالحكم المحلي
_2qrmak
650 1 _aالإدارة المحلية
_2qrmak
650 1 _2qrmak
_aالقانون الإداري
651 1 _aاليابان
_2qrmak
856 4 0 _uhttps://fll.law.cu.edu.eg/fulltext/bks/B07-00154.pdf
905 _aWesam Mahmoud
942 _2ddc
_n0
_cBK
_e21
999 _c44335
_d44335